000 005900000a22001810004500
003 MACL
005 20160607123030.0
008 160607b xxu||||| |||| 00| 0 eng d
040 _aMACL
_cMACL
041 _aHindi
082 _a920 VIV
100 _aविवेकानन्‍द, स्‍वामी
_936998
245 _aकर्मयोग
_cस्‍वामी विवेकानन्‍द
260 _bअरूणोदय प्रकाशन
_c1995
_aनई दिल्‍ली
350 _a60
650 _aBiography
_962573
942 _cHIN
_k920/VIV
_2ddc
999 _c21638
_d21638